| 000 | 00399cam a22001217a 4500 | ||
|---|---|---|---|
| 008 | 180718b1986 xxu||||| |||| 00| 0 eng d | ||
| 082 | _aH6x5452 M278 | ||
| 100 | _aPawar, M.B. | ||
| 245 |
_aStudy report on the working of the Legal Aid programmes in Tamil Nadu _cby M.B. Pawar |
||
| 260 |
_aBombay _bGovernment Central press _c1986 |
||
| 300 | _a21+p | ||
| 700 | _aMaharashtra. Legal Aid and Advice Board | ||
| 999 |
_c491209 _d491209 |
||